| 000 | 01138nam0a22002651i 4500 | ||
|---|---|---|---|
| 001 | rc\2209665 | ||
| 005 | 20240726050025.0 | ||
| 035 | _a(NLR Aleph) 006619102 | ||
| 090 |
_a7430095 _c7430095 |
||
| 100 | _a20110829d1979 |||y0rusy50 ca | ||
| 101 | 0 | _arus | |
| 102 | _aRU | ||
| 105 | _ay d ||||| | ||
| 200 | 1 |
_aСовершенствование организации и управления использованием машинно-тракторного парка сельского хозяйства республики _e(На прим. МССР) _eАвтореф дис. на соиск. учен. степ. канд. экон. наук _e(08.00.05) |
|
| 210 |
_aМосква _cБ. и. _d1979 |
||
| 215 | _a22 с. | ||
| 300 | _aВ надзаг.: Моск. с.-х. акад. им. К.А. Тимирязева | ||
| 320 | _aСписок работ авт.: с. 22 (4 назв.) | ||
| 700 | 1 |
_aПойсик _bМ.Д. _gМихаил Дмитриевич |
|
| 801 | 0 |
_aRU _bNLR _gpsbo |
|
| 801 | 1 |
_aRU _bELAR _2rusmarc |
|
| 852 |
_aNLR _j79-4/25280 |
||
| 899 |
_aRuMoRGB _jДр 381/1986 |
||
| 899 |
_aRuMoRGB _jДр 381/1987 |
||
| 942 | _cBOOK | ||